000 00615nam a22001697a 4500
003 OSt
005 20171010095458.0
008 120720t xxu||||| |||| 00| 0 eng d
040 _aMMSU
_cULS
100 _aCatabay, Christeen P.
_911314
245 _aPotential toxicity of Codium sp. and Caulerpa sp. from Currimao, Ilocos Norte using brine shrimp toxicity test
_cChristeen P. Catabay
260 _c2008
300 _axxi, 65 leaves
_c28 cm.
500 _aThesis (BS Biology) -- Mariano Marcos State University-College of Arts & Sciences, Batac City
504 _aBibliography: leaves 34-35
942 _2ddc
_cTHEDIS
999 _c9641
_d9641